| 000 | 00844cam a22002777a 4500 | ||
|---|---|---|---|
| 003 | CHAP | ||
| 005 | 20220329135801.0 | ||
| 008 | 971013s1968 r 00010 d | ||
| 010 | _a42068 | ||
| 011 | _a43040 | ||
| 035 | _a47170 | ||
| 040 | _cCHAP | ||
| 090 | _aFolleto 5192y | ||
| 110 | 1 |
_aE.U.A. Department of Agriculture _934876 |
|
| 245 | 1 | 3 | _aEl cultivo del cártamo ; producto oleaginoso |
| 260 |
_aMéxico, D. F. : _bCentro Reginal de Ayud Técnica, _c1968 |
||
| 300 |
_a14 p. _b: ilus. |
||
| 490 | 0 |
_aUSDA. Farmer's bulletin _v; 2133 |
|
| 590 |
_aBATCH-UPD _b10 _c20130110 _lUCH01 _h2318 |
||
| 590 |
_aCONVERSION _b10 _c20130109 _lUCH01 _h1323 |
||
| 650 | 1 | 4 |
_aAzafrancillo. _99048 |
| 830 | 0 |
_aUSDA. Farmer's bulletin _v; 2133 _9117056 |
|
| 901 | _aBK | ||
| 942 | _cFOLL | ||
| 949 |
_aFolleto 5192y _bBC _cFOLL _d-107265 _eTS1 _i47170 _si |
||
| 999 |
_c42068 _d42068 |
||